| 000 | 00554nam a2200193Ia 4500 | ||
|---|---|---|---|
| 003 | GCL | ||
| 008 | 140319s9999 xx 000 0 eng d | ||
| 040 |
_aGCL / _cGCL |
||
| 082 | 0 | 4 |
_a363.1241 _bO W |
| 100 | 1 | _aOSTER, CLINTON V. | |
| 245 | 1 | 0 |
_aWHY AIRPLANES CRASH: AVIATION SAFETY IN A CHANGING WORLD / _cOSTER, CLINTON V. |
| 700 | 1 | _aSTRONG, JOHN S. | |
| 700 | 1 | _aCURTZORN, C. K. | |
| 260 |
_a[S.N] : _bOXFORD UNIVERSITY PRESS ، _c1992 |
||
| 300 | _a200 P | ||
| 650 | 0 | 4 | _aAERONAUTICS, ACCIDENTS |
| 650 | 0 | 4 | _aAVIATION - SAFETY |
| 942 |
_2ddc _cBK |
||
| 999 |
_c20966 _d20966 |
||